|
|
|
|
| LEADER |
01076nam a2200325 a 4500 |
| 001 |
000235972 |
| 003 |
CZ BrMZK |
| 005 |
20210421162404.0 |
| 007 |
ta |
| 008 |
960815s1997 xr d p 0 cze d |
| 015 |
|
|
|a cnb000280344
|
| 020 |
|
|
|a 80-238-1584-9
|q (v knize neuvedeno ;
|q brož.)
|
| 040 |
|
|
|a BOA001
|b cze
|
| 072 |
|
7 |
|a 395
|x Společenské chování. Etiketa
|2 Konspekt
|9 1
|
| 072 |
|
7 |
|a 37.016
|x Učební osnovy. Vyučovací předměty. Učebnice
|2 Konspekt
|9 22
|
| 080 |
|
|
|a 395
|2 MRF
|
| 080 |
|
|
|a (075)
|2 MRF
|
| 100 |
1 |
|
|a Ječný, Dobromil,
|d 1917-2009
|7 jk01051375
|4 aut
|
| 245 |
1 |
0 |
|a Společenské chování v kostce /
|c Dobromil Ječný
|
| 250 |
|
|
|a 1. vyd.
|
| 260 |
|
|
|a Úvaly :
|b Ratio,
|c [1997]
|
| 300 |
|
|
|a 125 s. :
|b il. ;
|c 21 cm
|
| 490 |
1 |
|
|a Gastronomie
|
| 500 |
|
|
|a Bibliogr.
|
| 650 |
0 |
7 |
|a etiketa
|7 ph125923
|2 czenas
|
| 655 |
|
7 |
|a učebnice
|7 fd133770
|2 czenas
|
| 830 |
|
0 |
|a Gastronomie (Ratio)
|0 s
|
| 910 |
|
|
|a BOA001
|b 2-1037.519
|
| 990 |
|
|
|a BK
|
| 996 |
6 |
|
|b 2610058950
|c 2-1037.519
|l MZK
|r Sklad / do 1 hodiny
|n 30
|p p.v.
|w 000235972
|u 000010
|a 1
|e BOA001
|j MZK50
|s P
|